Trouve L'Équipe Nationale de Football - Statistiques

Statistiques générales
  • Ce quiz a été pris 368 fois
  • Le résultat moyen est 9 sur 16
Statistiques - réponses
Par images Réponse % Correct
France
97%
Portugal
96%
Belgique
93%
Brésil
81%
Pays-Bas
81%
Géorgie
68%
Canada
63%
Algérie
55%
Slovaquie
52%
Japon
42%
Colombie
40%
Gibraltar
39%
Australie
20%
Ghana
20%
Thailande
13%
Angola
8%
Aucun quiz correspondant
Distribution des résultats
% des personnes avec chaque résultat
Percentile par nombre de réponses
Votre historique - résultats
Vous n’avez pas pris ce quiz